000 00675nam a2200217Ia 4500
003 GCL
008 140319s9999 xx 000 0 ara d
040 _aGCL /
_cGCL
082 0 4 _a346.09
_bس.ط
100 1 _aسعيد يحيى
245 1 0 _aالصيغة القانونية للتحويل بمصرفى /
_cسعيد يحيى
260 _a[S.N] :
_bمنشاة المعارف الاسلامية ،
_c1987
300 _a54 ص
490 _aالكتب القانونية
_v0
650 0 4 _aالقانون
650 0 4 _aالشيكات
650 0 4 _aالقانون التجارى
650 0 4 _aالبنوك
650 0 4 _aالحسابات الجارية
942 _2ddc
_cBK
999 _c53849
_d53849